1686 1999 1576 1961 1912 1772 1231 1057 1750 1214 1970 1770 1758 1095 1890 1522 1383 1865 1943 1559 1821 1514 1242 1177 1926 1118 1603 1419 1315 1593 1624 1779 1636 1967 1468 1432 1855 1341 1517 1089 1912 1337 1096 1875 1270 1616 1583 1901 1037 1797 1391 1795 1174 1344 1655 1133 1642 1080 1225 1150 1423 1389 1160 1224 1157 1704 1248 1795 1634 1113 1572 1854 1716 1953 1890 1438 1869 1318 1117 1226 1564 1823 1428 1235 1756 1349 1595 1541 1137 1252 1597 1340 1517 1494 1201 1909 1651 1577 1348 BCNSPRNW ULIB Ver.6.0+V

เปลี่ยนเป็นภาษาไทย

Change to English
 แสดงรายละเอียดบรรณานุกรม
  กลับหน้าหลัก

Brief Record : Get Marc (ISO 2709) : E-mail record : QR code < ปิดหน้าต่าง
LEADER : 00000nam 2200000uu 4500
001    13399121273
003     ULIB
008    121114s2555||||th 000 0 tha d
020    ^a9789743652134
050  4 ^aPL4158^bว841ค
100    ^aวีระชาติ ศิรีไกรวัฒนาวงศ์
245    ^aเคล็ดวิชาภาษาไทย /^cวีระชาติ ศิรีไกรวัฒนาวงศ์
250    ^aพิมพ์ครั้งที่ 1
260    ^aกรุงเทพฯ :^bศูนย์หนังสือจุฬาลงกรณ์มหาวิทยาลัย.,^c2555
300    ^a278 หน้า;^b21 ซม.
650    ^aเคล็ดวิชาภาษาไทย
945    ^p150^l0^i033042
995    ^aทศพร
999    ^aทศพร
รายการนี้ยังไม่มีแท็ก
คุณยังไม่ได้ล็อกอิน คุณสามารถมีกิจกรรมร่วมกับเว็บไซต์ได้ แต่ต้องล็อกอินก่อน ::
  ล็อกอิน

รายการสื่อสารสนเทศ

ลำดับที่ ประเภท เลขเรียก/บาร์โค้ด สถานที่ สถานะ
1. วิทยาศาสตร์การแพทย์ และสุขภาพ
หนังสือสำรอง
สถานะ=หนังสือสำรอง
PL4158 ว841ค ฉ.1 
  Barcode: 033042
ห้องสมุดวิทยาเขตสวรรค์ประชารักษ์
►หนังสือทั่วไป
บนชั้น

รายการใกล้เคียง
    ผู้แต่ง [วีระชาติ ศิรีไกรวัฒนาวงศ์]

    หัวเรื่อง [เคล็ดวิชาภาษาไทย]

BibComment


ยังไม่เคยถูกคอมเมนท์

คอมเมนท์ทรัพยากรรายการนี้
  คอมเมนท์: เคล็ดวิชาภาษาไทย..


 Copyright 2026. Bcnsprnw @Library